Automatizačná technika. Diel 2 /
Uložené v:
| Hlavní autori: | , |
|---|---|
| Médium: | Kniha |
| Jazyk: | Slovak |
| Vydané: |
Bratislava :
Alfa,
1980.
|
| Vydanie: | 1. vyd. |
| Edícia: | Edícia elektrotechnickej literatúry
|
| ISBN: |
(viaz.) |
| Fyzický popis: |
296 s. : tb. |
| Tagy: |
Pridať tag
Žiadne tagy, Buďte prvý kto otaguje tento záznam!
|
Titul je dostupný aj v ... 

MARC
| LEADER | 00000nam a22000001 4500 | ||
|---|---|---|---|
| 001 | 000098430 | ||
| 005 | 20091111134958.0 | ||
| 008 | 021107s1980 xo e slo d | ||
| 020 | |a (viaz.) | ||
| 040 | |a SVKKK |b slo |c SVKKK |e AACR2 | ||
| 041 | 0 | |a slo | |
| 044 | |a xo |c SK | ||
| 100 | 1 | |a Kulík, Alexander |4 aut | |
| 245 | 1 | 0 | |a Automatizačná technika. |n Diel 2 / |c Alexander Kulík, František Ocelík. |
| 250 | |a 1. vyd. | ||
| 260 | |a Bratislava : |b Alfa, |c 1980. | ||
| 300 | |a 296 s. : |b tb. | ||
| 490 | 1 | |a Edícia elektrotechnickej literatúry | |
| 700 | 1 | |a Ocelík, František |4 aut | |
| 910 | |a svkkk | ||
| 998 | |a BK | ||
| 090 | |g SCKHL |k Sklad Pribinova 2. posch. |a II.261963 |j 628208 |i 2720250676 |s Absenčne | ||